Central Library, Doon University
WEBOPAC (ONLINE PUBLIC ACCESS CATALOGUE)

Elementary Spectroscopic Techniques (Record no. 60862)

MARC details
000 -LEADER
fixed length control field 00633nam a22002057a 4500
005 - DATE & TIME
control field 20260523121904.0
008 - FIXED-LENGTH DATA ELEMENTS--GENERAL INFORMATION
fixed length control field 260523b |||||||| |||| 00| 0 eng d
020 ## - ISBN
International Standard Book Number 9789360288679
Price 1250.00
040 ## - CATALOGING SOURCE
Original cataloging agency Doon University
041 ## - Language
Language English
082 ## - DDC NUMBER
Classification number 543.4
Book Number ELW
100 ## - MAIN ENTRY--PERSONAL NAME
Personal name Rawat, Anita (ed)
245 ## - TITLE STATEMENT
Title Elementary Spectroscopic Techniques
Sub Title : The Learner's Perspective
260 ## - PUBLICATION, DISTRIBUTION, ETC. (IMPRINT)
Place of publication, distribution, etc Dehradun
Name of publisher, distributor, etc Bishan Singh Mahindra Pal Singh
Date of publication, distribution, etc 2024
300 ## - PHYSICAL DESCRIPTION
Pages 139
650 ## - Subject
Subject Uttarakhand Collection : Himalaya Collection
700 ## - Added Entry Personal Name
Added Entry Personal Name Nautiyal, Om Prakash (ed)
700 ## - Added Entry Personal Name
Added Entry Personal Name Parcha, Versha (ed)
942 ## - ADDED ENTRY ELEMENTS (KOHA)
Koha item type Books
100 ## - MAIN ENTRY--PERSONAL NAME
-- 26881
650 ## - Subject
-- 13
700 ## - Added Entry Personal Name
-- 26882
700 ## - Added Entry Personal Name
-- 26883
952 ## - LOCATION AND ITEM INFORMATION (KOHA)
-- 2026-05-23
Holdings
Withdrawn status Lost status Source of classification or shelving scheme Damaged status Not for loan Location (home branch) Sublocation or collection (holding branch) Date acquired Koha full call number Accession No. Koha date last seen Koha item type
          Doon University Doon University 23.05.2026 543.4 ELW 53951 23.05.2026 Books
Contact : +91-135-2533126 (Library),+91-135-2533105 (Admin Office) , Email : doonlibrary@gmail.com

Powered by Koha